000 01255nam a2200313Ia 4500
001 ebr10412752
003 CaPaEBR
006 m u
007 cr cn|||||||||
008 000616s2001 njua sb 001 0 eng d
010 _z 00056509
020 _z9780691057439
020 _z0691057427 (cloth : alk. paper)
020 _z0691057435 (pbk. : alk. paper)
040 _aCaPaEBR
_cCaPaEBR
035 _a(OCoLC)52244061
050 1 4 _aJC571
_b.C613 2001eb
100 1 _aClark, Ann Marie,
_d1960-
245 1 0 _aDiplomacy of conscience
_h[electronic resource] :
_bAmnesty International and changing human rights norms /
_cAnn Marie Clark.
260 _aPrinceton, NJ :
_bPrinceton University Press,
_cc2001.
300 _axii, 183 p. :
_bill.
504 _aIncludes bibliographical references and index.
533 _aElectronic reproduction.
_bPalo Alto, Calif. :
_cebrary,
_d2010.
_nAvailable via World Wide Web.
_nAccess may be limited to ebrary affiliated libraries.
610 2 0 _aAmnesty International.
650 0 _aHuman rights.
655 7 _aElectronic books.
_2local
710 2 _aebrary, Inc.
856 4 0 _uhttp://site.ebrary.com/lib/rucke/Doc?id=10412752
_zAn electronic book accessible through the World Wide Web; click to view
999 _c86594
_d86594